000 00281nam a22001337a 4500
008 171219b xxu||||| |||| 00| 0 eng d
020 _a9780078786983
041 _aeng
080 _a82
100 _a21
101 _aGJU
245 _aLITERATURE
_cAVALOS.M.A
942 _2udc
_cBK
999 _c39144
_d39144